Music Quiz

Random Music or Song Quiz

Climbing Up the Charts Quiz Stats

 Plays Quiz Updated Aug 11, 2016

Challenge
Share
Tweet
Score 0/16 Timer 06:00
0 Plays Today
% Correct
The Beatles
68%
Beyoncé
63.3%
Justin Timberlake
62.7%
Rihanna
55.7%
Taylor Swift
50.9%
Elton John
45.6%
Prince
42.6%
Kanye West
41.8%
% Correct
Madonna
41%
Christina Aguilera
37.1%
Duran Duran
37%
Michael Jackson
35.1%
Def Leppard
34.9%
INXS
34.6%
Usher
32.7%
Janet Jackson
16.5%

You're not logged in!

Compare scores with friends on all Sporcle quizzes.
Join for Free
OR
Log In

You Might Also Like...

Show Comments

Extras

Top Quizzes Today


Score Distribution

Your Account Isn't Verified!

In order to create a playlist on Sporcle, you need to verify the email address you used during registration. Go to your Sporcle Settings to finish the process.

Report this User

Report this user for behavior that violates our Community Guidelines.

Details: